|
|
|
|
| LEADER |
00000nab a2200000 a 4500 |
| 001 |
vtls009479820 |
| 003 |
SK-MaSNL |
| 005 |
20260304153020.0 |
| 008 |
250506c2008 xo mr|p|||||||000 b|slo |
| 015 |
|
|
|a SNBRB2009/03
|2 snkbucl
|
| 035 |
|
|
|a (uuid)e83cbe25-3903-4069-935d-e87845657766
|
| 035 |
|
|
|a urn:nbn:sk:snk-ab2zwm
|
| 035 |
|
|
|a (urnnbn)urn:nbn:sk:snk:ar-a04agk
|
| 038 |
|
|
|a SNKBUCL
|
| 040 |
|
|
|a SNKBUCL
|b slo
|c SNKBUCL
|e AACR2
|
| 041 |
0 |
|
|a slo
|
| 044 |
|
|
|a xo
|c SK
|
| 080 |
|
|
|a 347.7
|2 2001
|
| 080 |
|
|
|a 347.774
|2 2001
|
| 100 |
1 |
|
|a Vyparina, Stanislav,
|d 1928-
|4 aut
|9 124276
|
| 245 |
1 |
0 |
|a Obsah právneho vzťahu k obchodným menám a názvom právnických osôb
|b vzorové súdne žaloby
|n 7. časť
|c Stanislav Vyparina
|
| 650 |
0 |
7 |
|a obchodné právo
|2 snkbucl
|9 2216
|
| 650 |
0 |
7 |
|a obchodné mená
|2 snkbucl
|9 1068709
|
| 650 |
0 |
7 |
|a súdne žaloby
|2 snkbucl
|9 518402
|
| 773 |
0 |
|
|t Obchodné právo
|g Roč. IX, č. 11 (2008), s. 54-60
|x 1335-6674
|
| 850 |
|
|
|a Slovenská národná knižnica
|
| 852 |
|
|
|a Slovenská národná knižnica
|
| 954 |
|
|
|a odborná, vedecká literatúra pôvodná (slovenská)
|2 lita
|
| 958 |
|
|
|a article2022
|
| 958 |
|
|
|a SK
|
| 958 |
|
|
|a OND
|
| 958 |
|
|
|a EUIPO
|
| 999 |
|
|
|c 2952099
|d 2954029
|